| 000 | 01064nam a2200289 i 4500 | ||
|---|---|---|---|
| 001 | 15417 | ||
| 003 | ES-MaACL | ||
| 005 | 20250831101914.0 | ||
| 007 | t| | ||
| 008 | 000307s1999 sp ||||1| spa d | ||
| 020 | _a84-95394-01-4 | ||
| 080 | _a726.54(460.288 Alcaraz) | ||
| 080 | _a7.033.5(460.288) | ||
| 080 | _a73.041.7(460.288) | ||
| 100 | 1 |
_aSánchez Ferrer, José. _9102642 |
|
| 245 | 1 | 0 |
_aIconografía marginal de finales del gótico _b: la capilla funeraria de la iglesia de San Miguel de Alcaraz / _cJosé Sánchez Ferrer. |
| 260 |
_aAlbacete : _bInstituto de Estudios Albacetenses "Don Juan Manuel", _c1999. |
||
| 300 |
_a171 p. : _bil. ; _c22 cm. |
||
| 490 | 1 |
_aSerie I--Estudios ; _v114 |
|
| 610 | 2 | 4 |
_aIglesia de San Miguel (Alcaraz) _94681 |
| 650 | 1 | 4 |
_aArte gótico- _zAlbacete- _xIconografía. _910214 |
| 650 | 1 | 4 |
_aEscultura- _zAlbacete- _xIconografía. _912418 |
| 710 | 2 |
_aInstituto de Estudios Albacetenses. _94884 |
|
| 830 | 0 |
_aSerie I--Estudios ; _v114 _9179228 |
|
| 852 |
_aES-MaACL _jL-22506 _bR.127920 |
||
| 999 |
_c15417 _d15417 |
||